000
00368nam a22001097a 4500
040
_c
SY
082
_a
632
100
_a
ROBERT MARTIN; រ៉ូប៊ឺត ម៉ាទីន
245
_a
រុក្ខជាតិចង្រៃនៃដំណាំចំការក្នុងប្រទេសកម្ពុជា
260
_a
ACIAR
_b
ROB
_c
1968
942
_c
KB
999
_c
9902
_d
9902